<?xml version="1.0" encoding="UTF-8"?>
<record
    xmlns:xsi="http://www.w3.org/2001/XMLSchema-instance"
    xsi:schemaLocation="http://www.loc.gov/MARC21/slim http://www.loc.gov/standards/marcxml/schema/MARC21slim.xsd"
    xmlns="http://www.loc.gov/MARC21/slim">

  <leader>01784cam a22003258a 4500</leader>
  <controlfield tag="001">17134856</controlfield>
  <controlfield tag="005">20130205111621.0</controlfield>
  <controlfield tag="008">120124s2013    mou      b    000 0 eng  </controlfield>
  <datafield tag="010" ind1=" " ind2=" ">
    <subfield code="a">  2012003221</subfield>
  </datafield>
  <datafield tag="020" ind1=" " ind2=" ">
    <subfield code="a">9780323083256 (pbk. : alk. paper)</subfield>
  </datafield>
  <datafield tag="082" ind1="0" ind2="0">
    <subfield code="a">610.73</subfield>
    <subfield code="2">23</subfield>
    <subfield code="b">HAR</subfield>
  </datafield>
  <datafield tag="100" ind1="1" ind2=" ">
    <subfield code="a">Harding, Mariann.</subfield>
    <subfield code="9">32400</subfield>
  </datafield>
  <datafield tag="245" ind1="1" ind2="0">
    <subfield code="a">Winningham's Critical Thinking Cases in Nursing :</subfield>
    <subfield code="b">Medical-Surgical, Pediatric, Maternity, and Psychiatric /</subfield>
    <subfield code="c">Mariann Harding, Julie S. Snyder, Barbara A. Preusser.</subfield>
  </datafield>
  <datafield tag="246" ind1="1" ind2=" ">
    <subfield code="a">Critical thinking cases in nursing</subfield>
  </datafield>
  <datafield tag="250" ind1=" " ind2=" ">
    <subfield code="a">5th ed.</subfield>
  </datafield>
  <datafield tag="260" ind1=" " ind2=" ">
    <subfield code="a">St. Louis, Mo. :</subfield>
    <subfield code="b">Elsevier/Mosby,</subfield>
    <subfield code="c">c2013.</subfield>
  </datafield>
  <datafield tag="300" ind1=" " ind2=" ">
    <subfield code="a">p. ;</subfield>
    <subfield code="c">cm.</subfield>
  </datafield>
  <datafield tag="500" ind1=" " ind2=" ">
    <subfield code="a">Rev. ed. of: Critical thinking in medical-surgical settings / Maryl L. Winningham and Barbara A. Preusser. 2nd ed. c2011.</subfield>
  </datafield>
  <datafield tag="504" ind1=" " ind2=" ">
    <subfield code="a">Includes bibliographical references.</subfield>
  </datafield>
  <datafield tag="505" ind1="0" ind2=" ">
    <subfield code="a">Cardiovascular disorders -- Respiratory disorders -- Musculoskeletal disorders -- Gastrointestinal disorders -- Genitourinary disorders -- Neurologic disorders -- Endocrine disorders -- Immunologic disorders -- Oncologic and hematologic disorders -- Pediatric disorders -- Maternal and obstetric disorders -- Women's health disorders -- Psychiatric disorders -- Alternative therapies -- Patients with multiple disorders -- Emergency situations.</subfield>
  </datafield>
  <datafield tag="650" ind1="1" ind2="2">
    <subfield code="a">Nursing Process</subfield>
    <subfield code="v">Case Reports.</subfield>
    <subfield code="9">32401</subfield>
  </datafield>
  <datafield tag="650" ind1="1" ind2="2">
    <subfield code="a">Nursing Process</subfield>
    <subfield code="v">Problems and Exercises.</subfield>
    <subfield code="9">32402</subfield>
  </datafield>
  <datafield tag="650" ind1="2" ind2="2">
    <subfield code="a">Nursing Care</subfield>
    <subfield code="v">Case Reports.</subfield>
    <subfield code="9">32403</subfield>
  </datafield>
  <datafield tag="650" ind1="2" ind2="2">
    <subfield code="a">Nursing Care</subfield>
    <subfield code="v">Problems and Exercises.</subfield>
    <subfield code="9">32404</subfield>
  </datafield>
  <datafield tag="653" ind1=" " ind2=" ">
    <subfield code="b">NUR</subfield>
    <subfield code="c">February2013</subfield>
  </datafield>
  <datafield tag="700" ind1="1" ind2=" ">
    <subfield code="a">Snyder, Julie S.</subfield>
    <subfield code="9">32405</subfield>
  </datafield>
  <datafield tag="700" ind1="1" ind2=" ">
    <subfield code="a">Preusser, Barbara A.</subfield>
    <subfield code="9">32406</subfield>
  </datafield>
  <datafield tag="700" ind1="1" ind2=" ">
    <subfield code="a">Winningham, Maryl Lynne,</subfield>
    <subfield code="d">1947-2001.</subfield>
    <subfield code="t">Critical thinking in medical-surgical settings.</subfield>
    <subfield code="9">32407</subfield>
  </datafield>
  <datafield tag="942" ind1=" " ind2=" ">
    <subfield code="2">ddc</subfield>
    <subfield code="c">NRB</subfield>
  </datafield>
  <datafield tag="999" ind1=" " ind2=" ">
    <subfield code="c">17231</subfield>
    <subfield code="d">17203</subfield>
  </datafield>
  <datafield tag="952" ind1=" " ind2=" ">
    <subfield code="0">0</subfield>
    <subfield code="1">0</subfield>
    <subfield code="2">ddc</subfield>
    <subfield code="4">0</subfield>
    <subfield code="7">0</subfield>
    <subfield code="8">araboasis</subfield>
    <subfield code="a">MAIN</subfield>
    <subfield code="b">MAIN</subfield>
    <subfield code="c">1ST</subfield>
    <subfield code="d">2013-02-05</subfield>
    <subfield code="e">purchase</subfield>
    <subfield code="g">350.00</subfield>
    <subfield code="h">18</subfield>
    <subfield code="l">4</subfield>
    <subfield code="m">10</subfield>
    <subfield code="o">610.73 HAR</subfield>
    <subfield code="p">000028008</subfield>
    <subfield code="r">2025-07-15 00:00:00</subfield>
    <subfield code="s">2018-02-26</subfield>
    <subfield code="y">BB</subfield>
  </datafield>
</record>
